Hurikány - metla i činitel rozvoje světového pojišťovnictví a zajištění

Svetové poisťovníctvo a poistenie škôd pôsobených tropickými búrkami (hurikán, tajfún a cyklón). Ako pôsobí hurikán. Názory expertov na zvýšený výskyt tropických búrok. Príčiny ich zvýšeného výskytu. Pokračovanie článku v nasledujúcom čísle.

Gespeichert in:
Bibliographische Detailangaben
1. Verfasser: Škorpil, Michal
Format: Buchkapitel
Sprache:Tschechisch
Schlagworte:
Tags: Tag hinzufügen
Keine Tags, Fügen Sie das erste Tag hinzu!

MARC

LEADER 00000naa$a2200000$$$4500
001 0041560
005 20230927102720.2
041 0 |a cze 
044 |a CZ 
245 1 0 |a Hurikány - metla i činitel rozvoje světového pojišťovnictví a zajištění  |c Michal Škorpil 
520 |a Svetové poisťovníctvo a poistenie škôd pôsobených tropickými búrkami (hurikán, tajfún a cyklón). Ako pôsobí hurikán. Názory expertov na zvýšený výskyt tropických búrok. Príčiny ich zvýšeného výskytu. Pokračovanie článku v nasledujúcom čísle. 
610 2 0 |a poistenie 
610 2 0 |a poisťovne 
610 2 0 |a zaistenie 
610 2 0 |a zaisťovne 
610 2 0 |a poisťovníctvo 
610 2 0 |a plnenie poistné 
610 2 0 |a náhrada škody 
100 1 |a Škorpil, Michal